[Event "VIII Iberoamericano Mexico 2022"]
[Site "Mexico City"]
[Date "2022.02.18"]
[Round "7.33"]
[White "Zaragoza Alanis, Miguel Arnulfo"]
[Black "Hernandez Jimenez, Alexander Andres"]
[Result "0-1"]
[WhiteElo "1342"]
[BlackElo "2167"]
[Annotator "NA"]
[PlyCount "76"]
[EventDate "2022.02.12"]
[EventType "swiss"]
[EventCountry "MEX"]
[SourceTitle "playchess.com"]
[Source "ChessBase"]
[SourceQuality "1"]
[TimeControl "5400+30"]

1. e4 {[%emt 0:00:02]} c5 {[%emt 0:00:09]} 2. Nf3 {[%emt 0:00:04]} d6 {[%emt 0:00:07]} 3. d4 {[%emt 0:00:03]} cxd4 {[%emt 0:00:09]} 4. Nxd4 {[%emt 0:00:03]} Nf6 {[%emt 0:00:10]} 5. Nc3 {[%emt 0:00:04]} a6 {[%emt 0:00:08]} 6. f3 {[%emt 0:00:05]} e5 {[%emt 0:00:07]} 7. Nb3 {[%emt 0:00:03]} Be6 {[%emt 0:00:07]} 8. Be3 {[%emt 0:00:05]} h5 {[%emt 0:00:07]} 9. Nd5 {[%emt 0:01:54]} Bxd5 {[%emt 0:01:16]} 10. exd5 {[%emt 0:00:02]} Nbd7 {[%emt 0:00:16]} 11. c4 {[%emt 0:00:22]} g6 {[%emt 0:09:44]} 12. Bd3 {[%emt 0:02:19]} Bg7 {[%emt 0:00:30]} 13. Qd2 {[%emt 0:01:41]} O-O {[%emt 0:00:54]} 14. Na5 {[%emt 0:03:07]} e4 {[%emt 0:05:05]} 15. Be2 {[%emt 0:08:36]} exf3 {[%emt 0:02:37]} 16. gxf3 {[%emt 0:03:03]} Re8 {[%emt 0:00:38]} 17. Nb3 {[%emt 0:00:57]} b5 {[%emt 0:16:08]} 18. Nd4 {[%emt 0:02:21]} Ne5 {[%emt 0:01:52]} 19. b3 {[%emt 0:08:05]} bxc4 {[%emt 0:01:19]} 20. bxc4 {[%emt 0:00:41]} Rc8 {[%emt 0:00:45]} 21. Rc1 {[%emt 0:01:22]} Qd7 {[%emt 0:31:59]} 22. O-O {[%emt 0:06:42]} Qa4 {[%emt 0:00:10]} 23. Bd1 {[%emt 0:01:58]} Qa3 {[%emt 0:01:02]} 24. Rc3 {[%emt 0:22:03]} Qb4 {[%emt 0:01:28]} 25. a3 {[%emt 0:02:31]} Qa5 {[%emt 0:00:22]} 26. Nb3 {[%emt 0:01:38]} Qd8 {[%emt 0:06:59]} 27. Be2 {[%emt 0:01:22]} Nfd7 {[%emt 0:02:16]} 28. Rc2 {[%emt 0:06:58]} Qh4 {[%emt 0:01:28]} 29. Nd4 {[%emt 0:05:17]} Nxc4 {[%emt 0:03:39]} 30. Rxc4 {[%emt 0:02:22]} Rxc4 {[%emt 0:00:01]} 31. Nc6 {[%emt 0:03:08]} Rc3 {[%emt 0:03:05]} 32. Bf2 {[%emt 0:03:09]} Qa4 {[%emt 0:00:55]} 33. Bd1 {[%emt 0:04:10]} Qc4 {[%emt 0:01:59]} 34. Re1 {[%emt 0:00:49]} Rxe1+ {[%emt 0:00:13]} 35. Qxe1 {[%emt 0:00:10]} Ne5 {[%emt 0:00:44]} 36. Bg3 {[%emt 0:01:29]} Rc1 {[%emt 0:02:00]} 37. Kg2 {[%emt 0:00:36]} Qd3 {[%emt 0:02:48]} 38. Bxe5 {[%emt 0:03:08]} Rxd1 {[%emt 0:01:41]} 0-1

[Event "VIII Iberoamericano Mexico 2022"]
[Site "Mexico City"]
[Date "2022.02.18"]
[Round "7.34"]
[White "Gongora Montes, Benjamin"]
[Black "Ramirez Toledo, Ayleen Maribel"]
[Result "1-0"]
[WhiteElo "2157"]
[BlackElo "1810"]
[Annotator "NA"]
[PlyCount "91"]
[EventDate "2022.02.12"]
[EventType "swiss"]
[EventCountry "MEX"]
[SourceTitle "playchess.com"]
[Source "ChessBase"]
[SourceQuality "1"]
[TimeControl "5400+30"]

1. d4 {[%emt 0:00:03]} Nf6 {[%emt 0:00:05]} 2. Nf3 {[%emt 0:00:13]} g6 {[%emt 0:00:06]} 3. g3 {[%emt 0:00:05]} Bg7 {[%emt 0:00:07]} 4. Bg2 {[%emt 0:00:08]} O-O {[%emt 0:00:13]} 5. O-O {[%emt 0:00:07]} d6 {[%emt 0:00:20]} 6. c4 {[%emt 0:00:13]} Nc6 {[%emt 0:00:12]} 7. Nc3 {[%emt 0:00:10]} Bg4 {[%emt 0:00:15]} 8. h3 {[%emt 0:00:07]} Bxf3 {[%emt 0:00:07]} 9. Bxf3 {[%emt 0:00:43]} Nd7 {[%emt 0:00:08]} 10. Be3 {[%emt 0:00:47]} e5 {[%emt 0:00:32]} 11. d5 {[%emt 0:00:39]} Ne7 {[%emt 0:01:00]} 12. Bg2 {[%emt 0:06:43]} f5 {[%emt 0:03:53]} 13. f4 {[%emt 0:00:19]} h6 {[%emt 0:04:58]} 14. fxe5 {[%emt 0:04:26]} Nxe5 {[%emt 0:02:26]} 15. c5 {[%emt 0:00:09]} Nc4 {[%emt 0:02:29]} 16. Bf2 {[%emt 0:00:07]} g5 {[%emt 0:22:26]} 17. Qc2 {[%emt 0:04:01]} dxc5 {[%emt 0:04:28]} 18. Bxc5 {[%emt 0:00:22]} Nd6 {[%emt 0:00:31]} 19. Rad1 {[%emt 0:02:37]} Be5 {[%emt 0:02:35]} 20. Rd3 {[%emt 0:05:09]} Ng6 {[%emt 0:07:56]} 21. Rdf3 {[%emt 0:16:11]} Qe8 {[%emt 0:14:09]} 22. Qd3 {[%emt 0:07:45]} Ne7 {[%emt 0:04:52]} 23. Bd4 {[%emt 0:10:39]} Ng6 {[%emt 0:00:53]} 24. Bc5 {[%emt 0:05:27]} Ne7 {[%emt 0:01:32]} 25. e4 {[%emt 0:05:59]} f4 {[%emt 0:11:05]} 26. gxf4 {[%emt 0:00:14]} gxf4 {[%emt 0:00:15]} 27. Qd1 {[%emt 0:09:32]} Kh7 {[%emt 0:06:15]} 28. Rd3 {[%emt 0:00:29]} Rg8 {[%emt 0:03:20]} 29. Kh1 {[%emt 0:00:11]} Rg5 {[%emt 0:03:21]} 30. Bf3 {[%emt 0:01:34]} Qg6 {[%emt 0:01:21]} 31. Rg1 {[%emt 0:00:25]} Rg8 {[%emt 0:00:37]} 32. Rxg5 {[%emt 0:01:54]} Qxg5 {[%emt 0:00:14]} 33. Bf2 {[%emt 0:02:40]} Ng6 {[%emt 0:01:14]} 34. Qg1 {[%emt 0:00:33]} Qf6 {[%emt 0:00:48]} 35. Qg4 {[%emt 0:00:26]} Ne7 {[%emt 0:02:21]} 36. Qh4 {[%emt 0:01:47]} Qg7 {[%emt 0:00:18]} 37. Qh5 {[%emt 0:05:48]} Qf6 {[%emt 0:00:22]} 38. Bh4 {[%emt 0:01:31]} Qg7 {[%emt 0:00:04]} 39. Bg4 {[%emt 0:00:15]} Ne8 {[%emt 0:01:31]} 40. Bxe7 {[%emt 0:01:24]} Qxe7 {[%emt 0:00:03]} 41. Bf5+ {[%emt 0:00:22]} Kg7 {[%emt 0:00:34]} 42. Be6 {[%emt 0:02:03]} Nf6 {[%emt 0:00:52]} 43. Qxe5 {[%emt 0:00:11]} Rf8 {[%emt 0:00:37]} 44. Qxf4 {[%emt 0:00:40]} Rh8 {[%emt 0:00:33]} 45. Rg3+ {[%emt 0:00:16]} Kf8 {[%emt 0:00:00]} 46. e5 {[%emt 0:00:27]} 1-0

[Event "VIII Iberoamericano Mexico 2022"]
[Site "Mexico City"]
[Date "2022.02.18"]
[Round "7.35"]
[White "Diaz Rosas, Julio Cesar"]
[Black "Santanna, Paulo"]
[Result "1-0"]
[WhiteElo "2393"]
[BlackElo "1928"]
[Annotator "NA"]
[PlyCount "77"]
[EventDate "2022.02.12"]
[EventType "swiss"]
[EventCountry "MEX"]
[SourceTitle "playchess.com"]
[Source "ChessBase"]
[SourceQuality "1"]
[TimeControl "5400+30"]

1. e4 {[%emt 0:00:24]} c5 {[%emt 0:00:07]} 2. Nf3 {[%emt 0:00:06]} e6 {[%emt 0:00:05]} 3. g3 {[%emt 0:00:11]} Nc6 {[%emt 0:01:44]} 4. Bg2 {[%emt 0:00:07]} Nf6 {[%emt 0:06:14]} 5. Qe2 {[%emt 0:00:08]} d6 {[%emt 0:00:59]} 6. O-O {[%emt 0:00:12]} Be7 {[%emt 0:01:00]} 7. c3 {[%emt 0:00:17]} O-O {[%emt 0:03:56]} 8. d4 {[%emt 0:00:32]} cxd4 {[%emt 0:05:19]} 9. cxd4 {[%emt 0:00:08]} d5 {[%emt 0:01:14]} 10. e5 {[%emt 0:00:08]} Ne4 {[%emt 0:05:46]} 11. Nc3 {[%emt 0:04:11]} Nxc3 {[%emt 0:03:59]} 12. bxc3 {[%emt 0:00:03]} b6 {[%emt 0:00:07]} 13. h4 {[%emt 0:00:46]} a5 {[%emt 0:00:37]} 14. Qc2 {[%emt 0:00:43]} Ba6 {[%emt 0:04:00]} 15. Re1 {[%emt 0:00:14]} h6 {[%emt 0:04:30]} 16. Be3 {[%emt 0:02:47]} Re8 {[%emt 0:02:26]} 17. Nh2 {[%emt 0:00:44]} Bf8 {[%emt 0:04:03]} 18. f4 {[%emt 0:00:56]} Rc8 {[%emt 0:04:04]} 19. f5 {[%emt 0:02:18]} exf5 {[%emt 0:03:57]} 20. Qxf5 {[%emt 0:00:37]} Ne7 {[%emt 0:01:59]} 21. Qc2 {[%emt 0:00:18]} Qd7 {[%emt 0:05:10]} 22. Rac1 {[%emt 0:08:59]} Rc6 {[%emt 0:04:35]} 23. Qf2 {[%emt 0:00:14]} Rec8 {[%emt 0:02:04]} 24. Bd2 {[%emt 0:00:31]} f6 {[%emt 0:13:23]} 25. Nf3 {[%emt 0:01:19]} Qf5 {[%emt 0:05:27]} 26. Kh2 {[%emt 0:01:46]} g5 {[%emt 0:04:24]} 27. exf6 {[%emt 0:02:20]} Rxf6 {[%emt 0:01:57]} 28. Re5 {[%emt 0:00:07]} Qh7 {[%emt 0:00:41]} 29. hxg5 {[%emt 0:01:03]} hxg5+ {[%emt 0:00:03]} 30. Kg1 {[%emt 0:00:14]} g4 {[%emt 0:03:25]} 31. Rg5+ {[%emt 0:00:03]} Rg6 {[%emt 0:00:18]} 32. Ne5 {[%emt 0:01:40]} Rxg5 {[%emt 0:00:39]} 33. Bxg5 {[%emt 0:00:04]} Bh6 {[%emt 0:01:40]} 34. Bxh6 {[%emt 0:01:40]} Qxh6 {[%emt 0:00:09]} 35. Bxd5+ {[%emt 0:00:19]} Kg7 {[%emt 0:00:57]} 36. Qf7+ {[%emt 0:01:27]} Kh8 {[%emt 0:00:02]} 37. Re1 {[%emt 0:00:47]} Qh3 {[%emt 0:04:53]} 38. Qf6+ {[%emt 0:00:22]} Kh7 {[%emt 0:00:06]} 39. Qxe7+ {[%emt 0:00:10]} 1-0

[Event "VIII Iberoamericano Mexico 2022"]
[Site "Mexico City"]
[Date "2022.02.18"]
[Round "7.36"]
[White "Flores Guerrero, Jesus Aldair"]
[Black "Zacarias Rodriguez, Santiago"]
[Result "0-1"]
[WhiteElo "2251"]
[BlackElo "1896"]
[Annotator "NA"]
[PlyCount "80"]
[EventDate "2022.02.12"]
[EventType "swiss"]
[EventCountry "MEX"]
[SourceTitle "playchess.com"]
[Source "ChessBase"]
[SourceQuality "1"]
[TimeControl "5400+30"]

1. f4 {[%emt 0:00:11]} Nf6 {[%emt 0:10:58]} 2. Nf3 {[%emt 0:00:16]} g6 {[%emt 0:00:26]} 3. b3 {[%emt 0:00:05]} Bg7 {[%emt 0:00:04]} 4. Bb2 {[%emt 0:00:06]} O-O {[%emt 0:00:17]} 5. e3 {[%emt 0:00:36]} c5 {[%emt 0:00:24]} 6. Qc1 {[%emt 0:02:44]} d5 {[%emt 0:00:53]} 7. Nc3 {[%emt 0:00:09]} Nc6 {[%emt 0:12:49]} 8. Bb5 {[%emt 0:00:33]} Na5 {[%emt 0:00:45]} 9. Be2 {[%emt 0:00:19]} a6 {[%emt 0:00:13]} 10. O-O {[%emt 0:00:09]} Nc6 {[%emt 0:01:04]} 11. Nd1 {[%emt 0:00:11]} d4 {[%emt 0:01:48]} 12. Nf2 {[%emt 0:00:59]} Nd5 {[%emt 0:01:36]} 13. Nd3 {[%emt 0:04:30]} Qd6 {[%emt 0:01:09]} 14. c3 {[%emt 0:03:21]} dxc3 {[%emt 0:11:04]} 15. dxc3 {[%emt 0:00:27]} Nf6 {[%emt 0:09:52]} 16. Rd1 {[%emt 0:04:12]} b6 {[%emt 0:08:06]} 17. c4 {[%emt 0:04:03]} Qb8 {[%emt 0:01:02]} 18. Nf2 {[%emt 0:02:56]} Ne8 {[%emt 0:05:42]} 19. Bxg7 {[%emt 0:07:55]} Nxg7 {[%emt 0:00:02]} 20. Qc3 {[%emt 0:00:12]} Qc7 {[%emt 0:02:24]} 21. a3 {[%emt 0:01:17]} a5 {[%emt 0:01:37]} 22. g4 {[%emt 0:01:57]} Re8 {[%emt 0:01:23]} 23. h3 {[%emt 0:01:33]} Bb7 {[%emt 0:03:04]} 24. g5 {[%emt 0:03:01]} Bc8 {[%emt 0:01:21]} 25. Kg2 {[%emt 0:03:29]} Bf5 {[%emt 0:02:34]} 26. e4 {[%emt 0:03:29]} Bc8 {[%emt 0:01:43]} 27. e5 {[%emt 0:00:46]} Ne6 {[%emt 0:01:32]} 28. Kg3 {[%emt 0:05:47]} Ncd4 {[%emt 0:00:54]} 29. Nxd4 {[%emt 0:02:14]} Nxd4 {[%emt 0:00:02]} 30. Bd3 {[%emt 0:01:57]} Bb7 {[%emt 0:04:57]} 31. Rd2 {[%emt 0:00:22]} f6 {[%emt 0:02:36]} 32. gxf6 {[%emt 0:01:39]} exf6 {[%emt 0:00:20]} 33. Ng4 {[%emt 0:00:13]} fxe5 {[%emt 0:01:15]} 34. Nf6+ {[%emt 0:01:23]} Kf7 {[%emt 0:00:59]} 35. Nxe8 {[%emt 0:01:26]} exf4+ {[%emt 0:00:05]} 36. Kf2 {[%emt 0:00:13]} Rxe8 {[%emt 0:00:07]} 37. Rg1 {[%emt 0:03:23]} Qe7 {[%emt 0:01:18]} 38. Bxg6+ {[%emt 0:06:08]} hxg6 {[%emt 0:00:08]} 39. Rb2 {[%emt 0:01:26]} Qh4+ {[%emt 0:02:58]} 40. Kf1 {[%emt 0:00:10]} Re3 {[%emt 0:00:08]} 0-1

[Event "VIII Iberoamericano Mexico 2022"]
[Site "Mexico City"]
[Date "2022.02.18"]
[Round "7.37"]
[White "Flores Irurso, Paul Josue"]
[Black "Guevara Sanchez, Erick Marvin"]
[Result "1-0"]
[WhiteElo "1912"]
[BlackElo "2145"]
[Annotator "NA"]
[PlyCount "77"]
[EventDate "2022.02.12"]
[EventType "swiss"]
[EventCountry "MEX"]
[SourceTitle "playchess.com"]
[Source "ChessBase"]
[SourceQuality "1"]
[TimeControl "5400+30"]

1. e4 {[%emt 0:00:03]} c5 {[%emt 0:04:40]} 2. Nf3 {[%emt 0:00:34]} a6 {[%emt 0:00:08]} 3. d4 {[%emt 0:03:39]} cxd4 {[%emt 0:00:09]} 4. Nxd4 {[%emt 0:00:12]} Nf6 {[%emt 0:00:12]} 5. Bd3 {[%emt 0:01:20]} e5 {[%emt 0:04:23]} 6. Nf3 {[%emt 0:08:08]} Nc6 {[%emt 0:05:59]} 7. O-O {[%emt 0:05:13]} Bc5 {[%emt 0:00:18]} 8. Nc3 {[%emt 0:01:42]} d6 {[%emt 0:01:34]} 9. h3 {[%emt 0:04:40]} b5 {[%emt 0:06:10]} 10. a3 {[%emt 0:03:45]} h6 {[%emt 0:00:56]} 11. b4 {[%emt 0:07:13]} Bb6 {[%emt 0:09:19]} 12. Rb1 {[%emt 0:02:58]} O-O {[%emt 0:03:19]} 13. a4 {[%emt 0:03:18]} bxa4 {[%emt 0:05:30]} 14. Nxa4 {[%emt 0:00:22]} Ba7 {[%emt 0:00:25]} 15. c4 {[%emt 0:06:01]} Rb8 {[%emt 0:04:02]} 16. Bd2 {[%emt 0:04:28]} Be6 {[%emt 0:15:16]} 17. b5 {[%emt 0:23:16]} axb5 {[%emt 0:02:32]} 18. cxb5 {[%emt 0:00:07]} Nd4 {[%emt 0:00:49]} 19. b6 {[%emt 0:02:59]} Bxb6 {[%emt 0:01:11]} 20. Rxb6 {[%emt 0:02:35]} Nxf3+ {[%emt 0:04:38]} 21. Qxf3 {[%emt 0:00:19]} Rxb6 {[%emt 0:00:13]} 22. Nxb6 {[%emt 0:00:26]} Qxb6 {[%emt 0:00:23]} 23. Bxh6 {[%emt 0:00:08]} gxh6 {[%emt 0:06:52]} 24. Qxf6 {[%emt 0:00:08]} Kh7 {[%emt 0:00:08]} 25. Kh2 {[%emt 0:05:05]} Qd8 {[%emt 0:03:12]} 26. Qf3 {[%emt 0:01:04]} Qe7 {[%emt 0:02:37]} 27. Qe3 {[%emt 0:00:46]} f6 {[%emt 0:02:34]} 28. Ra1 {[%emt 0:00:38]} Rf7 {[%emt 0:01:24]} 29. Ra8 {[%emt 0:02:02]} Qb7 {[%emt 0:00:49]} 30. Ra6 {[%emt 0:01:22]} Qc7 {[%emt 0:00:25]} 31. Be2 {[%emt 0:01:46]} Rg7 {[%emt 0:00:18]} 32. Qd2 {[%emt 0:00:27]} Rd7 {[%emt 0:02:09]} 33. Bb5 {[%emt 0:00:39]} Rd8 {[%emt 0:00:15]} 34. Qe3 {[%emt 0:03:00]} Rb8 {[%emt 0:02:16]} 35. Bc6 {[%emt 0:01:02]} Bd7 {[%emt 0:02:28]} 36. Bd5 {[%emt 0:00:33]} Rc8 {[%emt 0:01:05]} 37. Ra7 {[%emt 0:00:37]} Qd8 {[%emt 0:00:14]} 38. Qb3 {[%emt 0:00:13]} Kh8 {[%emt 0:03:12]} 39. Qb7 {[%emt 0:00:12]} 1-0

[Event "VIII Iberoamericano Mexico 2022"]
[Site "Mexico City"]
[Date "2022.02.18"]
[Round "7.38"]
[White "Alfaro, William"]
[Black "Alvidrez Aguirre, Genaro"]
[Result "1/2-1/2"]
[WhiteElo "2143"]
[BlackElo "1880"]
[Annotator "NA"]
[PlyCount "28"]
[EventDate "2022.02.12"]
[EventType "swiss"]
[EventCountry "MEX"]
[SourceTitle "playchess.com"]
[Source "ChessBase"]
[SourceQuality "1"]
[TimeControl "5400+30"]

1. d4 {[%emt 0:03:18]} Nf6 {[%emt 0:01:31]} 2. Nf3 {[%emt 0:00:27]} g6 {[%emt 0:02:25]} 3. g3 {[%emt 0:02:44]} Bg7 {[%emt 0:00:16]} 4. Bg2 {[%emt 0:00:05]} d5 {[%emt 0:00:19]} 5. O-O {[%emt 0:00:07]} O-O {[%emt 0:00:06]} 6. c4 {[%emt 0:00:03]} dxc4 {[%emt 0:01:53]} 7. Na3 {[%emt 0:01:25]} c3 {[%emt 0:01:15]} 8. bxc3 {[%emt 0:00:05]} c5 {[%emt 0:00:11]} 9. Rb1 {[%emt 0:03:01]} Nc6 {[%emt 0:08:24]} 10. Bf4 {[%emt 0:18:10]} Nd5 {[%emt 0:06:57]} 11. Qc1 {[%emt 0:00:06]} cxd4 {[%emt 0:06:33]} 12. cxd4 {[%emt 0:00:20]} Nxf4 {[%emt 0:00:23]} 13. Qxf4 {[%emt 0:01:44]} Nxd4 {[%emt 0:00:52]} 14. Nxd4 {[%emt 0:00:06]} Qxd4 {[%emt 0:00:10]} 1/2-1/2

[Event "VIII Iberoamericano Mexico 2022"]
[Site "Mexico City"]
[Date "2022.02.18"]
[Round "7.39"]
[White "Lopez Padilla, Piero Raul"]
[Black "Vega Garcia, Jorge Arturo"]
[Result "1/2-1/2"]
[WhiteElo "1898"]
[BlackElo "2121"]
[Annotator "NA"]
[PlyCount "30"]
[EventDate "2022.02.12"]
[EventType "swiss"]
[EventCountry "MEX"]
[SourceTitle "playchess.com"]
[Source "ChessBase"]
[SourceQuality "1"]
[TimeControl "5400+30"]

1. d4 {[%emt 0:03:25]} Nf6 {[%emt 0:00:43]} 2. c4 {[%emt 0:00:07]} e6 {[%emt 0:01:26]} 3. g3 {[%emt 0:00:06]} d5 {[%emt 0:02:34]} 4. Bg2 {[%emt 0:00:21]} c6 {[%emt 0:00:13]} 5. Nd2 {[%emt 0:01:37]} Nbd7 {[%emt 0:00:34]} 6. Ngf3 {[%emt 0:00:13]} Bd6 {[%emt 0:00:34]} 7. O-O {[%emt 0:00:52]} O-O {[%emt 0:00:13]} 8. Qc2 {[%emt 0:00:31]} Qe7 {[%emt 0:00:54]} 9. e4 {[%emt 0:00:45]} dxe4 {[%emt 0:00:48]} 10. Nxe4 {[%emt 0:00:11]} Nxe4 {[%emt 0:00:16]} 11. Qxe4 {[%emt 0:00:17]} Nf6 {[%emt 0:00:04]} 12. Qe2 {[%emt 0:00:19]} c5 {[%emt 0:00:18]} 13. Rd1 {[%emt 0:03:53]} Rd8 {[%emt 0:08:01]} 14. Be3 {[%emt 0:00:47]} cxd4 {[%emt 0:01:41]} 15. Nxd4 {[%emt 0:00:13]} a6 {[%emt 1:19:41]} 1/2-1/2

[Event "VIII Iberoamericano Mexico 2022"]
[Site "Mexico City"]
[Date "2022.02.18"]
[Round "7.40"]
[White "Paredes Guzman, Francisco Javier"]
[Black "Limon Olmos, Ivan Alonso"]
[Result "1-0"]
[WhiteElo "1891"]
[BlackElo "2106"]
[Annotator "NA"]
[PlyCount "63"]
[EventDate "2022.02.12"]
[EventType "swiss"]
[EventCountry "MEX"]
[SourceTitle "playchess.com"]
[Source "ChessBase"]
[SourceQuality "1"]
[TimeControl "5400+30"]

1. d4 {[%emt 0:00:02]} d5 {[%emt 0:14:00]} 2. c4 {[%emt 0:00:05]} e6 {[%emt 0:00:33]} 3. Nc3 {[%emt 0:00:15]} Nf6 {[%emt 0:00:07]} 4. Nf3 {[%emt 0:00:04]} c6 {[%emt 0:00:21]} 5. e3 {[%emt 0:02:23]} Nbd7 {[%emt 0:00:33]} 6. b3 {[%emt 0:03:44]} Bb4 {[%emt 0:09:55]} 7. Bd2 {[%emt 0:00:04]} O-O {[%emt 0:04:54]} 8. Bd3 {[%emt 0:14:23]} Qe7 {[%emt 0:03:16]} 9. Ne2 {[%emt 0:23:49]} Bd6 {[%emt 0:07:22]} 10. Ng3 {[%emt 0:00:49]} g6 {[%emt 0:01:36]} 11. O-O {[%emt 0:03:27]} dxc4 {[%emt 0:02:50]} 12. bxc4 {[%emt 0:07:46]} e5 {[%emt 0:00:45]} 13. Bc2 {[%emt 0:01:23]} e4 {[%emt 0:06:38]} 14. Ng5 {[%emt 0:00:20]} Bxg3 {[%emt 0:01:44]} 15. fxg3 {[%emt 0:05:58]} Nb6 {[%emt 0:05:40]} 16. d5 {[%emt 0:10:01]} Qe5 {[%emt 0:16:49]} 17. Rxf6 {[%emt 0:03:04]} Qxg5 {[%emt 0:00:08]} 18. Rf4 {[%emt 0:00:12]} Nxc4 {[%emt 0:02:51]} 19. Bc3 {[%emt 0:01:12]} cxd5 {[%emt 0:01:02]} 20. Qd4 {[%emt 0:00:08]} f6 {[%emt 0:00:44]} 21. Raf1 {[%emt 0:03:08]} Be6 {[%emt 0:00:49]} 22. Bb3 {[%emt 0:00:38]} Rac8 {[%emt 0:04:42]} 23. Qxa7 {[%emt 0:00:45]} Ne5 {[%emt 0:02:35]} 24. Ba1 {[%emt 0:01:54]} Rf7 {[%emt 0:02:57]} 25. Qb6 {[%emt 0:04:14]} Rc6 {[%emt 0:01:26]} 26. Qd8+ {[%emt 0:06:24]} Kg7 {[%emt 0:02:18]} 27. h4 {[%emt 0:01:45]} Qxg3 {[%emt 0:00:46]} 28. Rxf6 {[%emt 0:00:06]} Kh6 {[%emt 0:06:34]} 29. Bxe5 {[%emt 0:00:29]} Qxe5 {[%emt 0:00:01]} 30. Rxf7 {[%emt 0:00:16]} Bxf7 {[%emt 0:00:04]} 31. Qf8+ {[%emt 0:01:11]} Qg7 {[%emt 0:00:26]} 32. Qxf7 {[%emt 0:00:17]} 1-0

[Event "VIII Iberoamericano Mexico 2022"]
[Site "Mexico City"]
[Date "2022.02.18"]
[Round "7.41"]
[White "Davalos Prieto, Abel Justo"]
[Black "Hernandez Morales, Dillan"]
[Result "1-0"]
[WhiteElo "2103"]
[BlackElo "1846"]
[Annotator "NA"]
[PlyCount "153"]
[EventDate "2022.02.12"]
[EventType "swiss"]
[EventCountry "MEX"]
[SourceTitle "playchess.com"]
[Source "ChessBase"]
[SourceQuality "1"]
[TimeControl "5400+30"]

1. d4 {[%emt 0:00:07]} Nf6 {[%emt 0:00:31]} 2. Bf4 {[%emt 0:00:11]} g6 {[%emt 0:00:30]} 3. Nc3 {[%emt 0:00:15]} d5 {[%emt 0:00:28]} 4. e3 {[%emt 0:00:12]} Bg7 {[%emt 0:00:30]} 5. h4 {[%emt 0:00:16]} O-O {[%emt 0:08:55]} 6. h5 {[%emt 0:00:23]} c5 {[%emt 0:01:54]} 7. hxg6 {[%emt 0:00:12]} fxg6 {[%emt 0:00:40]} 8. dxc5 {[%emt 0:01:51]} Qa5 {[%emt 0:02:05]} 9. Qd2 {[%emt 0:00:21]} Nc6 {[%emt 0:01:44]} 10. Nf3 {[%emt 0:00:26]} Re8 {[%emt 0:08:11]} 11. Bb5 {[%emt 0:07:51]} Bd7 {[%emt 0:05:02]} 12. Bxc6 {[%emt 0:07:00]} Bxc6 {[%emt 0:04:52]} 13. Be5 {[%emt 0:01:28]} Qxc5 {[%emt 0:12:11]} 14. Qd4 {[%emt 0:09:14]} Qxd4 {[%emt 0:01:42]} 15. exd4 {[%emt 0:00:08]} h6 {[%emt 0:03:15]} 16. O-O {[%emt 0:04:14]} Nd7 {[%emt 0:06:49]} 17. Bxg7 {[%emt 0:02:16]} Kxg7 {[%emt 0:00:06]} 18. Rfe1 {[%emt 0:00:11]} e6 {[%emt 0:00:42]} 19. Re3 {[%emt 0:00:56]} Re7 {[%emt 0:04:07]} 20. Rae1 {[%emt 0:01:51]} Rae8 {[%emt 0:01:15]} 21. Ne5 {[%emt 0:08:35]} Nxe5 {[%emt 0:01:36]} 22. Rxe5 {[%emt 0:00:09]} b6 {[%emt 0:08:14]} 23. Nd1 {[%emt 0:08:35]} Kf6 {[%emt 0:13:49]} 24. Ne3 {[%emt 0:00:31]} h5 {[%emt 0:00:36]} 25. f4 {[%emt 0:02:49]} Bb7 {[%emt 0:03:53]} 26. Kf2 {[%emt 0:01:33]} Rf8 {[%emt 0:07:26]} 27. g3 {[%emt 0:04:49]} Rff7 {[%emt 0:01:13]} 28. Ng2 {[%emt 0:00:58]} Bc8 {[%emt 0:00:27]} 29. Nh4 {[%emt 0:00:23]} Rg7 {[%emt 0:00:33]} 30. Nf3 {[%emt 0:01:24]} Rc7 {[%emt 0:01:12]} 31. c3 {[%emt 0:00:15]} Rc6 {[%emt 0:00:50]} 32. Rg5 {[%emt 0:01:26]} b5 {[%emt 0:00:35]} 33. Ne5 {[%emt 0:00:28]} Rcc7 {[%emt 0:00:11]} 34. a3 {[%emt 0:02:18]} a5 {[%emt 0:00:10]} 35. Nd3 {[%emt 0:00:45]} Rh7 {[%emt 0:00:43]} 36. Rh1 {[%emt 0:00:28]} Rh8 {[%emt 0:00:21]} 37. Ke3 {[%emt 0:00:54]} Bd7 {[%emt 0:00:39]} 38. Kd2 {[%emt 0:02:57]} Be8 {[%emt 0:00:24]} 39. Nc5 {[%emt 0:03:12]} Rhh7 {[%emt 0:01:02]} 40. Re5 {[%emt 0:00:23]} Rce7 {[%emt 0:00:35]} 41. Nd3 {[%emt 0:06:02]} Reg7 {[%emt 0:00:23]} 42. Rg5 {[%emt 0:00:50]} Rb7 {[%emt 0:00:27]} 43. Kc2 {[%emt 0:02:16]} Rhc7 {[%emt 0:00:37]} 44. Kb3 {[%emt 0:02:08]} Ra7 {[%emt 0:00:26]} 45. Kc2 {[%emt 0:02:39]} Rab7 {[%emt 0:00:10]} 46. Kd2 {[%emt 0:00:10]} Rh7 {[%emt 0:00:26]} 47. Re1 {[%emt 0:01:51]} Rb6 {[%emt 0:00:35]} 48. Rge5 {[%emt 0:01:11]} Re7 {[%emt 0:00:24]} 49. Nc5 {[%emt 0:00:55]} Bf7 {[%emt 0:00:46]} 50. Ra1 {[%emt 0:00:46]} Ra7 {[%emt 0:00:30]} 51. Kc2 {[%emt 0:02:16]} Rc7 {[%emt 0:00:28]} 52. Nb3 {[%emt 0:02:07]} Ra6 {[%emt 0:00:37]} 53. Kd3 {[%emt 0:00:45]} Raa7 {[%emt 0:00:21]} 54. Nc5 {[%emt 0:00:26]} Re7 {[%emt 0:00:38]} 55. b3 {[%emt 0:04:27]} Be8 {[%emt 0:00:38]} 56. a4 {[%emt 0:00:17]} bxa4 {[%emt 0:00:29]} 57. bxa4 {[%emt 0:00:11]} Rac7 {[%emt 0:00:34]} 58. Rb1 {[%emt 0:00:12]} Rc6 {[%emt 0:00:32]} 59. Rb5 {[%emt 0:00:36]} Ra7 {[%emt 0:00:18]} 60. Rb8 {[%emt 0:00:47]} Bf7 {[%emt 0:00:37]} 61. c4 {[%emt 0:00:51]} Rcc7 {[%emt 0:00:35]} 62. Rb6 {[%emt 0:00:19]} dxc4+ {[%emt 0:00:12]} 63. Kxc4 {[%emt 0:00:12]} Ra8 {[%emt 0:00:48]} 64. d5 {[%emt 0:00:41]} Be8 {[%emt 0:00:28]} 65. Rbxe6+ {[%emt 0:01:30]} Kf7 {[%emt 0:01:03]} 66. d6 {[%emt 0:00:22]} Rc6 {[%emt 0:00:00]} 67. Re7+ {[%emt 0:01:27]} Kf8 {[%emt 0:01:00]} 68. Kd5 {[%emt 0:01:55]} Rb6 {[%emt 0:00:00]} 69. Ne6+ {[%emt 0:00:38]} Kg8 {[%emt 0:00:00]} 70. Nc7 {[%emt 0:00:12]} Bc6+ {[%emt 0:00:06]} 71. Kc5 {[%emt 0:00:39]} Rab8 {[%emt 0:00:21]} 72. d7 {[%emt 0:00:24]} Bxd7 {[%emt 0:00:49]} 73. Rxd7 {[%emt 0:00:11]} Rb4 {[%emt 0:00:55]} 74. Ree7 {[%emt 0:01:15]} Rc8 {[%emt 0:00:39]} 75. Kd5 {[%emt 0:00:17]} Rxc7 {[%emt 0:00:38]} 76. Rxc7 {[%emt 0:00:18]} Rxa4 {[%emt 0:00:07]} 77. Rc8# {[%emt 0:00:42]} 1-0